مكتبة جامعة عجلون الوطنية

فهرس بحث المكتبة

التنظيم لرفع الإنتاجية : دراسة تحليلية للأنظمة اليابانية وممارستها (Record no. 23277)

MARC details
000 -LEADER
fixed length control field 00953nam a2200205Ii 4500
003 - CONTROL NUMBER IDENTIFIER
control field JO-AjNU
008 - FIXED-LENGTH DATA ELEMENTS--GENERAL INFORMATION
fixed length control field 230605s9999||||xx |||||||||||||| ||und||
040 ## - CATALOGING SOURCE
Original cataloging agency JO-AjNU
Language of cataloging ara
Description conventions rda
Transcribing agency JO-AjNU
041 ## - LANGUAGE CODE
Language code of text/sound track or separate title ara
050 14 - LIBRARY OF CONGRESS CALL NUMBER
Classification number HC462 .M3712 1986
100 3# - MAIN ENTRY--PERSONAL NAME
Personal name كوجي ماتسوموتو ؛ ترجمة خضير كاظم حمود، محمد أحمد الهاشمي,
Relator term author
9 (RLIN) 45461
245 00 - TITLE STATEMENT
Title التنظيم لرفع الإنتاجية : دراسة تحليلية للأنظمة اليابانية وممارستها
264 31 - PRODUCTION, PUBLICATION, DISTRIBUTION, MANUFACTURE, AND COPYRIGHT NOTICE
Place of production, publication, distribution, manufacture عمان:المنظمة العربية للعلوم الإدارية،1986
300 ## - PHYSICAL DESCRIPTION
Extent 126ص
336 ## - CONTENT TYPE
Content type term text
Content type code txt
Source rdacontent
337 ## - MEDIA TYPE
Media type term unmediated
Media type code n
Source rdamedia
338 ## - CARRIER TYPE
Carrier type term volume
Carrier type code nc
Source rdacarrier
490 0# - SERIES STATEMENT
Series statement سلسلة بحوث ودراسات / المنظمة العربية للتنمية الإدارية 308 
650 #4 - SUBJECT ADDED ENTRY--TOPICAL TERM
Topical term or geographic name entry element الادارة العامة-ادارة الانتاج-اليابان
9 (RLIN) 45462
Holdings
Withdrawn status Lost status Source of classification or shelving scheme Damaged status Not for loan Home library Current library Shelving location Date acquired Total Checkouts Full call number Barcode Date last seen Price effective from Koha item type
    Library of Congress Classification     مكتبة جامعة عجلون الوطنية مكتبة جامعة عجلون الوطنية المجموعات العامة 06/06/2023   HC462 .M3712 1986 A19709 06/06/2023 06/06/2023 Books